[Event "Moscow op-A 14th"]
[Site "Moscow"]
[Date "2018.01.29"]
[Round "3"]
[White "Vysotskiy, Oleg"]
[Black "Efremov, Vladislav"]
[Result "0-1"]
[WhiteElo "2250"]
[BlackElo "1995"]
[PlyCount "64"]
[EventDate "2018.01.27"]
[EventType "swiss"]
[EventRounds "9"]
[EventCountry "RUS"]
[SourceTitle "CBM 182 Extra"]
[Source "ChessBase"]
[SourceDate "2018.02.23"]
[SourceVersion "1"]
[SourceVersionDate "2018.02.23"]
[SourceQuality "1"]

1. d4 d5 2. c4 e6 3. Nf3 c6 4. Nc3 dxc4 5. a4 Bb4 6. e4 b5 7. Bd2 a5 8. axb5 Bxc3 9. Bxc3 cxb5 10. b3 Bb7 11. d5 Nf6 12. Bxf6 Qxf6 13. e5 Qf5 14. bxc4 Qe4+ 15. Qe2 exd5 16. cxb5 Nd7 17. Qxe4 dxe4 18. Nd4 Bd5 19. Nc6 Bxc6 20. bxc6 Nxe5 21. Bb5 Kd8 22. Ke2 Kc7 23. Rhd1 Rhd8 24. Rxd8 Rxd8 25. Ra4 Rd5 26. Ba6 Nxc6 27. Rxe4 Re5 28. Rxe5 Nxe5 29. f4 Kb6 30. Bc8 Ng6 31. f5 Ne7 32. f6 Nxc8 0-1